いらすとやの変なイラストクイズ - Statistics

General Stats
  • This quiz has been taken 601 times
  • The average score is 5 of 16
Answer Stats
Picture Answer % Correct
裏口入学
78%
本能寺の変
57%
ピーターパン症候群
52%
ユニコーン企業
49%
社畜
47%
マネーロンダリング
45%
パブロフの犬
41%
浅間山荘
31%
パンジャンドラム
31%
ハイドロプレーニング現象
30%
ピニャータ
26%
不気味の谷現象
21%
コンビニワープ
11%
バビンスキー反射
10%
モノリス
7%
スイスチーズモデル
6%
No matching quizzes found
Score Distribution
Percent of People with Each Score
Percentile by Number Answered
Your Score History
You have not taken this quiz